Anatomía de la familia /
Guardado en:
| Autor Principal: | |
|---|---|
| Formato: | Libro |
| Publicado: |
Buenos Aires :
El Ateneo,
1974
|
| Edición: | 7a. ed. |
| Etiquetas: |
Agregar Etiqueta
Sin Etiquetas, Sea el primero en etiquetar este registro!
|
| LEADER | 00782nam a22001695a 4500 | ||
|---|---|---|---|
| 001 | CEM.cems002283 | ||
| 005 | 20060216000000.0 | ||
| 008 | 130507s1974##################000#0#####d | ||
| 003 | CEMS | ||
| 082 | 0 | 4 | |a 136.2 |
| 100 | 1 | |a Escardó, Florencio | |
| 245 | 1 | 0 | |a Anatomía de la familia / |c Florencio Escardó |
| 250 | |a 7a. ed. | ||
| 260 | |a Buenos Aires : |b El Ateneo, |c 1974 | ||
| 300 | |a 195 p. | ||
| 505 | 0 | |a Las emociones primitivas en relacion con la familia; Origen de los conflictos familiares; La familia y la tarea vital del individuo, Freud y Jung; Anormalidades y variedades del desarrollo; Influencia de la familia en el desarrollo social y en la religion; Tendencias familiares, odio y amor; Aspectos de la dependencia. | |
| 859 | |a CEMS |b BIB. CEMS - 11 de abril |h 136.2 |i Es14a7 |p 12166.83 |t Ej.1 | ||
